[Event "Qatar Masters Open 2024"]
[Site "Doha QAT"]
[Date "2024.12.12"]
[Round "9.41"]
[White "Mahdavi, Reza"]
[Black "Al Hosani, Omran"]
[Result "1-0"]
[WhiteTitle "FM"]
[BlackTitle "IM"]
[WhiteElo "2394"]
[BlackElo "2239"]
[WhiteFideId "12595926"]
[BlackFideId "9308733"]
[EventDate "2024.12.03"]

1. e4 c5 2. Nf3 e6 3. d4 cxd4 4. Nxd4 Nf6 5. Nc3 Nc6 6. Nxc6 bxc6 7. e5 Nd5 8.
Ne4 Qc7 9. f4 Qb6 10. a3 a5 11. Qf3 f5 12. exf6 Nxf6 13. Nxf6+ gxf6 14. Bd3 Ba6
15. Bxa6 Rxa6 16. Be3 Qb5 17. Bd4 Bg7 18. Bc3 O-O 19. O-O-O d5 20. Qd3 Qxd3 21.
Rxd3 e5 22. f5 d4 23. Bd2 c5 24. Rb3 Rc8 25. a4 e4 26. Bf4 Bf8 27. Rb5 Re8 28.
Re1 e3 29. Kd1 Rd8 30. Ke2 c4 31. c3 dxc3 32. bxc3 Rd3 33. Rd1 Rxd1 34. Kxd1 Bd6
35. Bxe3 Be5 36. Kc2 Bxh2 37. Rc5 1-0

[Event "Qatar Masters Open 2024"]
[Site "Doha QAT"]
[Date "2024.12.12"]
[Round "9.42"]
[White "George Samir, David"]
[Black "Amartuvshin, Ganzorig"]
[Result "1/2-1/2"]
[WhiteTitle "FM"]
[BlackTitle "IM"]
[WhiteElo "2272"]
[BlackElo "2392"]
[WhiteFideId "10657789"]
[BlackFideId "4902548"]
[EventDate "2024.12.03"]

1. d4 Nf6 2. Nc3 d5 3. Bf4 g6 4. Qd2 Bg7 5. Bh6 O-O 6. Bxg7 Kxg7 7. e3 c5 8. h3
cxd4 9. exd4 Nc6 10. g4 e5 11. dxe5 Ne4 12. Qxd5 Nxc3 13. Qxd8 Rxd8 14. bxc3
Nxe5 15. f4 Nc6 16. Bd3 Be6 17. Ne2 Rac8 18. O-O Na5 19. Kf2 Rc7 20. Kg1 Rcc8
21. Kf2 Rc7 22. Kg1 Rcc8 23. Kf2 Rc7 1/2-1/2

[Event "Qatar Masters Open 2024"]
[Site "Doha QAT"]
[Date "2024.12.12"]
[Round "9.43"]
[White "Jin, Yueheng"]
[Black "Quesada Perez, Luis Ernesto"]
[Result "1/2-1/2"]
[WhiteTitle "IM"]
[BlackTitle "GM"]
[WhiteElo "2309"]
[BlackElo "2564"]
[WhiteFideId "8616868"]
[BlackFideId "3520773"]
[EventDate "2024.12.03"]

1. c4 e6 2. g3 d5 3. Bg2 d4 4. Nf3 c5 5. e3 Nc6 6. exd4 cxd4 7. O-O Nf6 8. d3
Bd6 9. Bg5 h6 10. Bxf6 Qxf6 11. Nbd2 Qe7 12. a3 a5 13. Ne4 Bc7 14. b4 axb4 15.
axb4 Rxa1 16. Qxa1 Qxb4 17. Rb1 Qe7 18. Nxd4 Nxd4 19. Qxd4 O-O 20. Nc5 Rd8 21.
Qe3 b6 22. Na4 Qa3 23. Nxb6 Rxd3 24. Qe1 Ba6 25. Bf1 Rd8 26. Ra1 Qc5 27. Rxa6
Bxb6 28. Ra2 Qd4 29. Bg2 Qd1 30. Qxd1 Rxd1+ 31. Bf1 g5 32. Kg2 Kg7 33. Be2 Rc1
34. Rb2 Bd4 35. Rd2 Bc5 36. g4 Kf8 37. h3 Ke7 38. Bd3 Rc3 39. Bh7 Rb3 40. Ra2
Kd6 41. Rd2+ Ke7 42. Ra2 Rb4 43. Re2 Rb8 44. Be4 Kd6 45. Bh7 h5 46. Be4 hxg4 47.
hxg4 Rb4 48. Bd3 Rb3 49. Bh7 Rb4 50. Rd2+ Ke7 51. Rc2 Kf6 52. Be4 Ke5 53. Bf3
Kf4 54. Be2 Rb7 55. Rd2 Rc7 56. Rd3 Ke5 57. Rd2 1/2-1/2

[Event "Qatar Masters Open 2024"]
[Site "Doha QAT"]
[Date "2024.12.12"]
[Round "9.44"]
[White "Sliwicka, Alicja"]
[Black "Kukhmazov, Arsen"]
[Result "0-1"]
[WhiteTitle "WGM"]
[BlackTitle "IM"]
[WhiteElo "2346"]
[BlackElo "2480"]
[WhiteFideId "1150677"]
[BlackFideId "24108260"]
[EventDate "2024.12.03"]

1. e4 c6 2. d4 d5 3. e5 Bf5 4. h4 h5 5. Bd3 Bxd3 6. Qxd3 Qa5+ 7. Nd2 e6 8. Nf3
Nh6 9. O-O Nf5 10. Nb3 Qb5 11. Qd1 c5 12. a4 Qb6 13. dxc5 Bxc5 14. Nxc5 Qxc5 15.
c3 Nc6 16. Re1 Rc8 17. Bg5 Qb6 18. b4 a5 19. b5 Nce7 20. Rc1 Rc4 21. Nd4 Qc7 22.
Qb3 O-O 23. g3 Rc8 24. Bd2 Qc5 25. Rcd1 Nxd4 26. cxd4 Qxd4 27. Bxa5 Qg4 28. Rb1
Nf5 29. Qd1 Nxh4 30. Qxg4 Rxg4 31. Rec1 Rxc1+ 32. Rxc1 Rxa4 33. Rc8+ Kh7 34. Bc7
Ra1+ 35. Kh2 Nf3+ 36. Kg2 Nd4 37. b6 g5 38. Bd8 g4 39. Bg5 Nf3 40. Bc1 d4 41.
Rc7 Kg6 0-1

[Event "Qatar Masters Open 2024"]
[Site "Doha QAT"]
[Date "2024.12.12"]
[Round "9.45"]
[White "Aziz, Husain"]
[Black "Zou, Chen"]
[Result "0-1"]
[WhiteTitle "IM"]
[BlackTitle "IM"]
[WhiteElo "2329"]
[BlackElo "2449"]
[WhiteFideId "12100293"]
[BlackFideId "8610959"]
[EventDate "2024.12.03"]

1. d4 Nf6 2. Nf3 d5 3. Bf4 e6 4. e3 Bd6 5. Nbd2 O-O 6. c3 b6 7. Bd3 Ba6 8. Bxa6
Nxa6 9. Qe2 Nb8 10. O-O Nbd7 11. a4 Bxf4 12. exf4 c5 13. Ne5 Qc7 14. Ndf3 Ne4
15. c4 cxd4 16. cxd5 Nxe5 17. fxe5 exd5 18. Rad1 Rac8 19. Nxd4 Qc4 20. Qg4 Nc5
21. f4 Ne4 22. f5 f6 23. Ne6 Rf7 24. Rd4 Qb3 25. Qf3 Qxf3 26. gxf3 fxe5 27. Rxd5
Nc5 28. Rfd1 Rxf5 29. Rd8+ Rxd8 30. Rxd8+ Kf7 31. Nxc5 bxc5 32. Rd7+ Ke6 33.
Rxa7 Rxf3 34. Rxg7 e4 35. Rg3 Rf8 36. a5 Kd5 37. a6 Kd4 38. a7 e3 39. Rg7 e2 40.
Re7 Kd3 41. Rd7+ Kc2 42. Re7 Kd2 43. Rd7+ Ke1 44. Rb7 Rg8+ 45. Kh1 Rd8 46. Kg2
Kd1 47. Rd7+ Rxd7 48. a8=Q Rg7+ 49. Kf3 Rf7+ 50. Kg4 e1=Q 51. Qd5+ Kc2 52. Qxf7
Qe2+ 53. Kg3 Qd3+ 54. Kh4 Qe4+ 55. Kh3 Kxb2 56. Qg7+ Kc2 57. Qa7 c4 58. Qa2+ Kd3
59. Qb1+ Kd4 60. Qb6+ Kc3 61. Qa7 Kd2 62. Qa2+ Qc2 63. Qa7 Qd3+ 64. Kg4 c3 65.
Qa5 Kd1 66. Qa1+ Ke2 67. Qa8 c2 68. Qa2 Ke1 69. Qa5+ Qd2 70. Qe5+ Qe2+ 0-1

[Event "Qatar Masters Open 2024"]
[Site "Doha QAT"]
[Date "2024.12.12"]
[Round "9.46"]
[White "Harsh, Suresh"]
[Black "Zhukova, Natalia"]
[Result "1/2-1/2"]
[WhiteTitle "IM"]
[BlackTitle "GM"]
[WhiteElo "2420"]
[BlackElo "2302"]
[WhiteFideId "45018464"]
[BlackFideId "14101513"]
[EventDate "2024.12.03"]

1. e4 e5 2. d4 exd4 3. Qxd4 Nc6 4. Qc4 Bb4+ 5. Nc3 d6 6. Bd2 Be6 7. Qe2 Nge7 8.
f4 f5 9. Nf3 Qd7 10. O-O-O O-O-O 11. a3 Ba5 12. Ng5 Bg8 13. exf5 Nxf5 14. g4
Nfd4 15. Qg2 h6 16. Nf3 Kb8 17. Bd3 Bxc3 18. Bxc3 Bd5 19. Be2 Nxe2+ 20. Qxe2
Rhe8 21. Qf2 Qf7 22. f5 Bxf3 23. Qxf3 Ne5 24. Bxe5 Rxe5 25. Rhe1 Rde8 26. Qc3
Qf6 27. Rxe5 Rxe5 28. Re1 Qg5+ 29. Kb1 Qxg4 30. Rxe5 dxe5 31. Qxe5 b6 32. b3 a5
33. a4 Kb7 34. Kb2 Qg2 35. Qd4 Qg5 36. Qe4+ Kb8 37. Kc3 Qg1 38. h4 Qg3+ 39. Kc4
Qd6 40. Qe8+ Ka7 41. Qe4 Qd7 42. Qe5 Kb8 43. Kc3 Kb7 44. Qe4+ Kb8 45. Qe5 Kb7
46. Kb2 Kb8 47. Qe4 Qd6 48. Kc3 Ka7 49. Qd4 Qg3+ 50. Kc4 Qg2 51. Kc3 Qf3+ 52.
Kb2 Qxf5 53. Qxg7 Qf4 54. h5 Kb7 55. Qg2+ Kb8 56. Qg6 Qd2 57. Qe4 Ka7 58. Qe5
Kb7 59. Qc3 Qf4 60. Qg7 Qd2 61. Qg6 Kb8 62. Qe4 Ka7 63. Qc6 Kb8 64. Qh1 Qg5 65.
Qf3 Qd2 66. Qf6 Kb7 67. Qf3+ Kb8 68. Qf8+ Kb7 69. Qf6 Kb8 70. Qf3 Ka7 71. Qc3
Qf4 72. Qg7 Kb7 73. Qg2+ Kb8 74. Qe2 Qd4+ 75. Kb1 Qg1+ 76. Ka2 Qc1 77. Qe8+ Kb7
78. Qe4+ Ka7 79. Qc4 Kb7 80. Qd5+ Ka7 81. Qe4 Kb8 82. Qc6 Kc8 83. Qe8+ Kb7 1/2-1/2

[Event "Qatar Masters Open 2024"]
[Site "Doha QAT"]
[Date "2024.12.12"]
[Round "9.47"]
[White "Akhmetov, Ayan"]
[Black "Munkhzul, Turmunkh"]
[Result "1-0"]
[WhiteTitle "IM"]
[BlackTitle "WGM"]
[WhiteElo "2417"]
[BlackElo "2301"]
[WhiteFideId "13703706"]
[BlackFideId "4901878"]
[EventDate "2024.12.03"]

1. d4 Nf6 2. Nf3 d5 3. Bf4 Bf5 4. e3 e6 5. Nbd2 Bd6 6. Ne5 Nbd7 7. Bd3 Bxd3 8.
cxd3 Bb4 9. Rc1 c6 10. a3 Bxd2+ 11. Kxd2 Qa5+ 12. Rc3 O-O 13. h4 Nxe5 14. Bxe5
Nd7 15. Bd6 Rfe8 16. h5 h6 17. Qg4 Qd8 18. Rb3 b6 19. Rc3 c5 20. Qg3 Qf6 21. Rh4
e5 22. dxc5 bxc5 23. Bxc5 Nxc5 24. Rxc5 Rac8 25. Rxc8 Rxc8 26. Rb4 a5 27. Rb3 a4
28. Rb4 e4 29. Rb8 Rxb8 30. Qxb8+ Kh7 31. Ke1 exd3 32. Qb4 Qf5 33. Qd4 Qxh5 34.
Qxd3+ g6 35. Qd4 Qh1+ 36. Ke2 Qc1 37. Qxa4 Qxb2+ 38. Kf3 h5 39. g3 Qc3 40. Qb4
Qc2 41. a4 Qc6 42. Qd4 Qa8 43. g4 hxg4+ 44. Kxg4 Qc8+ 45. Kg3 Qc7+ 46. Qf4 Qa7
47. Qh4+ Kg8 48. Qd8+ Kg7 49. a5 Qa6 50. Qb6 Qf1 51. a6 Qg1+ 52. Kf3 Qd1+ 53.
Kf4 Qh5 54. Qd4+ f6 55. Kg3 Qg5+ 56. Kf3 Qf5+ 57. Kg2 Qc8 58. a7 Qc6 59. Qf4 g5
60. Qb8 d4+ 61. Kh2 Qf3 62. a8=Q Qxf2+ 63. Qg2 Qh4+ 64. Kg1 Qe1+ 65. Qf1 Qxe3+
66. Qf2 Qc1+ 67. Kh2 Qc5 68. Qa2 1-0

[Event "Qatar Masters Open 2024"]
[Site "Doha QAT"]
[Date "2024.12.12"]
[Round "9.48"]
[White "Pham, Le Thao Nguyen"]
[Black "Jeet, Jain"]
[Result "1-0"]
[WhiteTitle "IM"]
[BlackTitle "FM"]
[WhiteElo "2384"]
[BlackElo "2301"]
[WhiteFideId "12401226"]
[BlackFideId "5073022"]
[EventDate "2024.12.03"]

1. d4 Nf6 2. c4 e6 3. Nf3 d5 4. Nc3 Be7 5. Bg5 h6 6. Bh4 O-O 7. e3 b6 8. Bxf6
Bxf6 9. cxd5 exd5 10. Be2 Be6 11. O-O c5 12. Rc1 Nc6 13. Qa4 Ne7 14. Rfd1 c4 15.
b3 a6 16. bxc4 dxc4 17. Ne4 Nd5 18. Nxf6+ Qxf6 19. Ne5 b5 20. Qa5 Qd8 21. Qe1
Qd6 22. Bf3 Rab8 23. h3 Rfc8 24. Bxd5 Bxd5 25. e4 Bb7 26. f3 f6 27. Ng4 b4 28.
Ne3 c3 29. Nf5 Qd7 30. d5 a5 31. d6 Re8 32. Qg3 Ba6 33. Nxh6+ Kh7 34. Nf5 Bc4
35. Ne7 g5 36. e5 Qe6 37. f4 Bxa2 38. exf6 Qxf6 39. fxg5 Qe6 40. Qh4+ Kg7 41.
Qd4+ Kh7 42. g6+ Kh6 43. Qh4+ Kg7 44. Qh7+ Kf6 45. Rd3 Qe4 46. Rf3+ Ke6 47. Nf5
Rb7 48. g7 Kf6 49. Qh6+ Ke5 50. Re3 Kxf5 51. Rf1+ Ke5 52. Rxe4+ Kxe4 53. Re1+
Kd4 54. Rxe8 c2 55. Qd2+ 1-0

[Event "Qatar Masters Open 2024"]
[Site "Doha QAT"]
[Date "2024.12.12"]
[Round "9.49"]
[White "Ajay Santhosh Parvathareddy"]
[Black "Bukreev, Stanislav"]
[Result "0-1"]
[WhiteTitle "FM"]
[BlackTitle "FM"]
[WhiteElo "2299"]
[BlackElo "2384"]
[WhiteFideId "25998676"]
[BlackFideId "34252347"]
[EventDate "2024.12.03"]

1. d4 Nf6 2. c4 e6 3. g3 Bb4+ 4. Nd2 d5 5. Bg2 O-O 6. Nf3 b6 7. O-O Bb7 8. Ne5
a5 9. a3 Be7 10. b3 Nbd7 11. Bb2 Nxe5 12. dxe5 Nd7 13. cxd5 Bxd5 14. Bxd5 exd5
15. f4 Re8 16. Nf3 Nc5 17. Qc2 a4 18. b4 Nb3 19. Rad1 c5 20. bxc5 bxc5 21. Qd3
c4 22. Qc2 Rc8 23. Bc3 Bxa3 24. Ng5 Qb6+ 25. Kg2 Qg6 26. Qxg6 hxg6 27. Rxd5 Be7
28. Ne4 a3 29. Kf3 Red8 30. Nd6 Ra8 31. e4 a2 32. Rdd1 Ra6 33. Nb5 a1=Q 34. Rxa1
Rxa1 35. Rxa1 Nxa1 36. Bxa1 Bb4 37. Nd4 Bc5 38. Nb5 Rb8 39. Nc3 Ra8 40. Bb2 Ba3
41. Nd1 Bxb2 42. Nxb2 c3 43. Nd3 c2 44. Ke2 Rd8 0-1

[Event "Qatar Masters Open 2024"]
[Site "Doha QAT"]
[Date "2024.12.12"]
[Round "9.50"]
[White "Kamalidenova, Meruert"]
[Black "Garv, Rai"]
[Result "1-0"]
[WhiteTitle "IM"]
[WhiteElo "2378"]
[BlackElo "2277"]
[WhiteFideId "13712802"]
[BlackFideId "35049593"]
[EventDate "2024.12.03"]

1. e4 e5 2. Nf3 Nc6 3. d4 exd4 4. Bc4 Bc5 5. Ng5 Nh6 6. Nxf7 Nxf7 7. Bxf7+ Kxf7
8. Qh5+ g6 9. Qxc5 d5 10. O-O dxe4 11. c3 Qd6 12. Qxd6 cxd6 13. cxd4 d5 14. Nc3
Be6 15. f3 exf3 16. Rxf3+ Kg7 17. Bf4 Rae8 18. Re1 Bf5 19. Rfe3 Rxe3 20. Rxe3
Kf7 21. Nb5 Kf6 22. Nd6 b6 23. h3 h5 24. h4 Rf8 25. Bh6 Ra8 26. Bg5+ Kg7 27.
Ne8+ Kf7 28. Nc7 Rc8 29. Nxd5 Be6 30. Nf4 Nxd4 31. Re4 Rc1+ 32. Kh2 Rd1 33. Re3
Rb1 34. Rc3 Nb5 35. Rc6 Bf5 36. a4 Nd4 37. Rc7+ Kf8 38. Nd5 Ne6 39. Be7+ Ke8 40.
Rxa7 Rd1 41. Nf6+ Kf7 42. Bd8+ Kf8 43. Bxb6 Rb1 44. Be3 g5 45. hxg5 Bg6 46. Rb7
Be4 47. Nxe4 Re1 48. Bc5+ Nxc5 49. Nxc5 1-0

[Event "Qatar Masters Open 2024"]
[Site "Doha QAT"]
[Date "2024.12.12"]
[Round "9.51"]
[White "Moosavifar, Seyed Abolfazl"]
[Black "Aradhya, Garg"]
[Result "1/2-1/2"]
[WhiteTitle "FM"]
[BlackTitle "IM"]
[WhiteElo "2308"]
[BlackElo "2365"]
[WhiteFideId "42548195"]
[BlackFideId "25006746"]
[EventDate "2024.12.03"]

1. e4 e5 2. Nf3 Nc6 3. Bc4 Nf6 4. d3 Bc5 5. c3 d6 6. O-O h6 7. Re1 a6 8. a4 Ba7
9. b4 O-O 10. h3 Ne7 11. d4 Ng6 12. Nbd2 exd4 13. cxd4 d5 14. exd5 Nxd5 15. Qb3
Nb6 16. Bd3 Nf4 17. Bb1 Nbd5 18. Qc2 g6 19. Ne4 Bf5 20. Bxf4 Nxf4 21. Qd2 g5 22.
h4 f6 23. g3 Nd5 24. Nc5 Bxc5 25. dxc5 Bxb1 26. Raxb1 Qd7 27. hxg5 hxg5 28. Nxg5
Rae8 29. Ne4 Re5 30. Rbd1 Rh5 31. f4 Qg4 32. Qe2 Qxe2 33. Rxe2 Nxb4 34. Rd7 Rf7
35. Rxc7 Rxc7 36. Nxf6+ Kf7 37. Nxh5 Rxc5 38. Re4 Nc6 39. g4 b5 40. axb5 axb5
41. Ng3 b4 42. Re3 1/2-1/2

[Event "Qatar Masters Open 2024"]
[Site "Doha QAT"]
[Date "2024.12.12"]
[Round "9.52"]
[White "Vignesh Advaith Vemula"]
[Black "Dixit, Nikhil"]
[Result "1-0"]
[BlackTitle "FM"]
[WhiteElo "2276"]
[BlackElo "2361"]
[WhiteFideId "25792059"]
[BlackFideId "5059534"]
[EventDate "2024.12.03"]

1. e4 g6 2. d4 Bg7 3. Nc3 d6 4. f4 a6 5. Nf3 b5 6. Bd3 b4 7. Ne2 c5 8. O-O Qc7
9. c3 bxc3 10. bxc3 Nf6 11. e5 Nfd7 12. Ng5 e6 13. Ne4 dxe5 14. fxe5 O-O 15. Ba3
Bb7 16. N2g3 Nc6 17. Nxc5 Nxc5 18. Bxc5 Rfd8 19. Bd6 Qa5 20. Qb3 Rd7 21. Ne4 Qd8
22. Nc5 Na5 23. Qb2 Rxd6 24. exd6 Bc6 25. Qf2 Ra7 26. d7 Rxd7 27. Nxd7 Qxd7 28.
Rab1 Bb7 29. Be2 h5 30. Bf3 Bh6 31. Bxb7 Nxb7 32. Qxf7+ Qxf7 33. Rxf7 Kxf7 34.
Rxb7+ Kf6 35. Kf2 Bd2 36. Rc7 1-0

[Event "Qatar Masters Open 2024"]
[Site "Doha QAT"]
[Date "2024.12.12"]
[Round "9.53"]
[White "Bhagat Kush"]
[Black "Khamdamova, Afruza"]
[Result "1/2-1/2"]
[WhiteTitle "FM"]
[BlackTitle "WIM"]
[WhiteElo "2288"]
[BlackElo "2354"]
[WhiteFideId "46672940"]
[BlackFideId "14210444"]
[EventDate "2024.12.03"]

1. d4 Nf6 2. c4 e6 3. Nc3 d5 4. Nf3 Be7 5. Bf4 O-O 6. e3 b6 7. cxd5 Nxd5 8. Nxd5
Qxd5 9. a3 c5 10. dxc5 Qxc5 11. Rc1 Qa5+ 12. Qd2 Qxd2+ 13. Nxd2 Ba6 14. Be2 Bxe2
15. Kxe2 Na6 16. Nc4 f6 17. Bd6 Kf7 18. Rhd1 Rfd8 19. Bxe7 Kxe7 20. b4 Rxd1 21.
Kxd1 Rd8+ 22. Ke2 Rc8 23. Kd2 Nc7 24. Nb2 Rd8+ 25. Ke2 Rd7 26. Nd1 Nb5 27. a4
Nd6 28. f3 h5 29. Nc3 Rd8 30. Nb1 Kd7 31. Na3 1/2-1/2

[Event "Qatar Masters Open 2024"]
[Site "Doha QAT"]
[Date "2024.12.12"]
[Round "9.55"]
[White "Sultan, Ibrahim"]
[Black "Bharadia Yash"]
[Result "1/2-1/2"]
[WhiteTitle "IM"]
[BlackTitle "CM"]
[WhiteElo "2205"]
[BlackElo "2385"]
[WhiteFideId "9301143"]
[BlackFideId "45087822"]
[EventDate "2024.12.03"]

1. Nf3 c5 2. g3 d5 3. c4 d4 4. b4 cxb4 5. a3 b3 6. Bg2 Nc6 7. O-O e5 8. d3 Nf6
9. Nbd2 Bd6 10. Nxb3 O-O 11. Re1 a5 12. Bg5 h6 13. Bxf6 Qxf6 14. c5 Bc7 15. Nfd2
a4 16. Ne4 Qe7 17. Nbd2 f5 18. Nd6 Bxd6 19. cxd6 Qxd6 20. Rb1 Ra6 21. Qc1 Kh7
22. Rb5 Re8 23. Nc4 Qf6 24. Qb1 Re7 25. Rc1 Be6 26. Rxb7 Rxb7 27. Qxb7 Bxc4 28.
Rxc4 Na5 29. Qc8 Nxc4 30. Bd5 h5 31. Bg8+ Kh6 32. Bxc4 Rb6 33. Qh8+ Kg6 34. Qe8+
Kh6 35. Qh8+ Kg6 36. Qe8+ Kh6 37. Qh8+ 1/2-1/2

[Event "Qatar Masters Open 2024"]
[Site "Doha QAT"]
[Date "2024.12.12"]
[Round "9.56"]
[White "Moksh, Amit Doshi"]
[Black "Ankit Ray"]
[Result "1-0"]
[WhiteTitle "IM"]
[BlackTitle "FM"]
[WhiteElo "2383"]
[BlackElo "2320"]
[WhiteFideId "25064967"]
[BlackFideId "25770624"]
[EventDate "2024.12.03"]

1. d4 d5 2. c4 e6 3. Nc3 h6 4. Nf3 Nf6 5. e3 a6 6. b3 Bb4 7. Bb2 Ne4 8. Qc2 O-O
9. Bd3 Bxc3+ 10. Bxc3 Nxc3 11. Qxc3 dxc4 12. Bxc4 b5 13. Be2 Bb7 14. Rc1 Nc6 15.
O-O Rc8 16. Rfd1 Qd6 17. Qc5 Rfd8 18. Nd2 Ne7 19. b4 Nf5 20. a3 Qb6 21. Rc2 Bd5
22. Rdc1 Qb7 23. Bf1 Nd6 24. f3 f5 25. Bd3 Rd7 26. Qc3 Qb6 27. Qb2 Rcd8 28. f4
Re7 29. Rc5 Qb7 30. Nb3 g5 31. Na5 Qb6 32. fxg5 hxg5 33. Qc2 Rdd7 34. Nc6 Bxc6
35. Rxc6 Qa7 36. Qc5 Qxc5 37. bxc5 Nc4 38. Bxc4 bxc4 39. Rxc4 Kf7 40. Rxa6 e5
41. Raa4 exd4 42. Rxd4 Rxd4 43. exd4 Ke6 44. Ra8 Kd5 45. Rd8+ Ke4 46. d5 Re5 47.
d6 cxd6 48. cxd6 Kd5 49. d7 Re7 50. Rf8 1-0

[Event "Qatar Masters Open 2024"]
[Site "Doha QAT"]
[Date "2024.12.12"]
[Round "9.57"]
[White "Arun, Kataria"]
[Black "Sriansh Das"]
[Result "1-0"]
[WhiteTitle "FM"]
[WhiteElo "2370"]
[BlackElo "2315"]
[WhiteFideId "46630368"]
[BlackFideId "45030081"]
[EventDate "2024.12.03"]

1. e4 e5 2. Nf3 Nc6 3. Bc4 Bc5 4. c3 Nf6 5. d4 exd4 6. e5 d5 7. Bb5 Ne4 8. cxd4
Bb4+ 9. Nbd2 O-O 10. O-O Be7 11. h3 Bf5 12. Re1 a6 13. Ba4 Nb4 14. Nf1 c5 15. a3
Nc6 16. Be3 Rc8 17. Rc1 b5 18. Bc2 cxd4 19. Nxd4 Nxd4 20. Bxd4 Bg5 21. Ne3 Bg6
22. Bb3 Rxc1 23. Qxc1 Qd7 24. Qd1 Bh4 25. Nxd5 Kh8 26. Qg4 Qxg4 27. hxg4 Nd2 28.
Ba2 Rd8 29. Bc3 Nc4 30. Nb4 Bg5 31. Bxc4 bxc4 32. Nxa6 h6 33. Nb4 Kg8 34. g3 Be7
35. Nc6 Rd7 36. e6 Rc7 37. exf7+ 1-0

[Event "Qatar Masters Open 2024"]
[Site "Doha QAT"]
[Date "2024.12.12"]
[Round "9.58"]
[White "Bakhrillaev, Bakhrom"]
[Black "Priansh, Das"]
[Result "1-0"]
[WhiteTitle "FM"]
[WhiteElo "2369"]
[BlackElo "2311"]
[WhiteFideId "14212285"]
[BlackFideId "45029946"]
[EventDate "2024.12.03"]

1. d4 Nf6 2. c4 g6 3. Nc3 Bg7 4. e4 d6 5. Be2 O-O 6. Be3 c5 7. d5 e6 8. Nf3 exd5
9. cxd5 a6 10. a4 Bg4 11. Nd2 Bxe2 12. Qxe2 Nbd7 13. O-O Rb8 14. a5 Re8 15. h3
Qc7 16. Ra4 h6 17. Kh1 Re7 18. f4 Rbe8 19. e5 dxe5 20. f5 b5 21. axb6 Nxb6 22.
d6 Qxd6 23. Rxa6 Qc7 24. fxg6 fxg6 25. Rxf6 Bxf6 26. Nc4 Re6 27. Rxb6 Rxb6 28.
Nd5 Qc6 29. Ncxb6 Bg7 30. Qc4 Kh7 31. Qxc5 Qb7 32. b4 Qf7 33. Nc7 Rd8 34. Nbd5
e4 35. b5 Qf1+ 36. Bg1 Rf8 37. Ne3 Qf7 38. b6 Rd8 39. Qc4 1-0

[Event "Qatar Masters Open 2024"]
[Site "Doha QAT"]
[Date "2024.12.12"]
[Round "9.59"]
[White "Mohamed, Anees M"]
[Black "Heinemann, Josefine"]
[Result "1/2-1/2"]
[WhiteTitle "FM"]
[BlackTitle "WGM"]
[WhiteElo "2344"]
[BlackElo "2305"]
[WhiteFideId "35065815"]
[BlackFideId "12900460"]
[EventDate "2024.12.03"]

1. d4 Nf6 2. Nc3 d5 3. Bf4 c5 4. e3 cxd4 5. exd4 Bg4 6. f3 Bd7 7. Nb5 Bxb5 8.
Bxb5+ Nc6 9. c3 a6 10. Bd3 e6 11. Ne2 Bd6 12. Bxd6 Qxd6 13. Qd2 O-O 14. h4 Rfe8
15. O-O-O b5 16. h5 b4 17. h6 bxc3 18. Qxc3 Nb4 19. Kb1 Rec8 20. Qd2 Nxd3 21.
Qg5 Qf8 22. Rxd3 Ne8 23. hxg7 Qxg7 24. Qe5 Qxe5 25. dxe5 f6 26. Re3 fxe5 27.
Rxe5 Ng7 28. Nd4 Kf7 29. Rxh7 Kf6 30. Re1 e5 31. Nc6 e4 32. fxe4 dxe4 33. Rf1+
Kg6 34. Ne7+ Kxh7 35. Rh1+ Nh5 36. Rxh5+ Kg7 37. Nxc8 Rxc8 38. Re5 Rc4 39. b3
Rd4 40. Ra5 e3 41. Re5 Rd1+ 42. Kb2 Rd2+ 43. Kc3 Rxa2 44. Rxe3 Rxg2 45. Rf3 a5
46. Kc4 Rg5 47. Rf4 Kg6 48. Rf8 Kg7 49. Rf2 Rg4+ 50. Kc3 Kg6 51. Rf8 Rh4 52. Rf1
Re4 53. Ra1 Re5 54. Kb2 Kf6 55. Ka3 Ke6 56. Rd1 Re4 57. Rd8 Ke7 58. Rd5 Rh4 59.
Rxa5 Kd6 60. Ra4 Rh8 61. Rc4 Ra8+ 62. Kb4 Rb8+ 63. Kc3 Rb7 64. b4 Rc7 65. b5
Rxc4+ 66. Kxc4 Kc7 67. Kc5 Kb7 68. b6 Kb8 69. Kc6 Kc8 70. b7+ Kb8 71. Kb6 1/2-1/2

[Event "Qatar Masters Open 2024"]
[Site "Doha QAT"]
[Date "2024.12.12"]
[Round "9.60"]
[White "Fandi, Mazen"]
[Black "Baradaran Tamadon, Arian"]
[Result "1-0"]
[BlackTitle "FM"]
[WhiteElo "2278"]
[BlackElo "2334"]
[WhiteFideId "7611625"]
[BlackFideId "12595837"]
[EventDate "2024.12.03"]

1. e4 d6 2. d4 Nf6 3. Nc3 Nbd7 4. Nf3 e5 5. Bc4 Be7 6. O-O O-O 7. h3 c6 8. a4 a5
9. Be3 Nxe4 10. Nxe4 d5 11. Nxe5 dxe4 12. Qh5 Qe8 13. Bf4 Nf6 14. Qe2 Bf5 15. g4
Bg6 16. h4 Nd5 17. Bg3 f5 18. h5 Bf7 19. gxf5 Bxh5 20. Qxe4 Qc8 21. Bxd5+ cxd5
22. Qxd5+ Kh8 23. Qe6 Qd8 24. Rae1 Bg5 25. c3 Bd2 26. Re4 Re8 27. Qc4 Bh6 28.
Rh4 Rc8 29. Qb3 Rxe5 30. dxe5 Be2 31. Rd4 Qe8 32. Qe6 Qf8 33. Bh4 g5 34. fxg6
Bg7 35. Re1 Rc6 36. Qxc6 bxc6 37. Rd8 1-0

[Event "Qatar Masters Open 2024"]
[Site "Doha QAT"]
[Date "2024.12.12"]
[Round "9.61"]
[White "Balajayeva, Khanim"]
[Black "Vaibhav, Jayant Raut"]
[Result "0-1"]
[WhiteTitle "IM"]
[BlackTitle "CM"]
[WhiteElo "2362"]
[BlackElo "2304"]
[WhiteFideId "13406396"]
[BlackFideId "5089034"]
[EventDate "2024.12.03"]

1. e4 c5 2. Nf3 Nc6 3. Bb5 e6 4. Bxc6 bxc6 5. d3 Qc7 6. O-O Ne7 7. h4 e5 8. h5
d6 9. Nh2 h6 10. f4 exf4 11. Bxf4 g5 12. Bd2 Bg7 13. Bc3 O-O 14. Bxg7 Kxg7 15.
Nc3 f5 16. exf5 Bxf5 17. Qd2 Rae8 18. Rf2 Nd5 19. Nxd5 cxd5 20. Raf1 Qd7 21. b4
d4 22. bxc5 dxc5 23. Qa5 Rc8 24. Nf3 Qd5 25. Nd2 g4 26. Nc4 Rf7 27. Re1 Be6 28.
Rfe2 Qxh5 29. Ne5 Bd5 30. Re4 Bxe4 31. Rxe4 g3 32. Nxf7 Rf8 33. Re7 Qh2+ 34. Kf1
Qh1+ 35. Ke2 Qxg2+ 36. Kd1 Qf1+ 37. Re1 g2 38. Ne5 g1=Q 39. Qc7+ Kg8 0-1

[Event "Qatar Masters Open 2024"]
[Site "Doha QAT"]
[Date "2024.12.12"]
[Round "9.62"]
[White "Kunal, M."]
[Black "Kiolbasa, Oliwia"]
[Result "1-0"]
[WhiteTitle "FM"]
[BlackTitle "IM"]
[WhiteElo "2292"]
[BlackElo "2371"]
[WhiteFideId "5018250"]
[BlackFideId "1154613"]
[EventDate "2024.12.03"]

1. c4 e6 2. g3 d5 3. Bg2 Nf6 4. Nf3 d4 5. O-O c5 6. Ne5 Qc7 7. f4 Bd6 8. Nd3 Nc6
9. e3 h5 10. Na3 a6 11. exd4 Nxd4 12. Nc2 Nxc2 13. Qxc2 h4 14. b3 hxg3 15. hxg3
Bd7 16. Bb2 Bc6 17. Qd1 O-O-O 18. Bxc6 Qxc6 19. Qf3 Ne4 20. Nf2 Nxf2 21. Qxc6+
bxc6 22. Rxf2 Bc7 23. Bc3 Rhg8 24. Kg2 g5 25. fxg5 Rxg5 26. Rxf7 Bxg3 27. Kf3
Be5 28. Re1 Bxc3 29. dxc3 Rf5+ 30. Rxf5 exf5 31. Re5 Rd3+ 32. Kf4 Rxc3 33. Rxc5
Kb7 34. Rxf5 Rc2 35. a4 Rb2 36. Ke5 Rxb3 37. Kd6 Rb4 38. Rf7+ Kb6 39. c5+ Ka5
40. Kxc6 Kxa4 41. Kd5 Rb1 42. c6 Rc1 43. Kd6 a5 44. Rb7 Ka3 45. Rb5 Ka4 46. Rb8
Rd1+ 47. Ke6 Re1+ 48. Kd6 Rd1+ 49. Ke6 Re1+ 50. Kd7 Rd1+ 51. Kc7 Rc1 52. Rb6 Ka3
53. Kb7 a4 54. c7 Rxc7+ 55. Kxc7 Ka2 56. Kc6 a3 57. Kc5 Ka1 58. Kc4 a2 59. Kb3 1-0